[Event "Pinneberg-ch"]
[Site "Pinneberg"]
[Date "2017.10.12"]
[Round "6"]
[White "Iwanow, Thomas"]
[Black "Dangelowski, Peter"]
[Result "1/2-1/2"]
[WhiteElo "1740"]
[BlackElo "1625"]
[PlyCount "34"]
[EventDate "2017.09.07"]
[EventType "swiss"]
[EventRounds "7"]
[EventCountry "GER"]
[SourceTitle "EXT 2019"]
[Source "ChessBase"]
[SourceDate "2018.10.10"]
[SourceVersion "1"]
[SourceVersionDate "2018.10.10"]
[SourceQuality "1"]

1. d4 d5 2. Nf3 Nf6 3. Bf4 e6 4. e3 c5 5. c4 cxd4 6. exd4 dxc4 7. Bxc4 Bb4+ 8. Bd2 Bxd2+ 9. Qxd2 Nc6 10. Nc3 0-0 11. 0-0 Na5 12. Bd3 b6 13. Rfe1 Bb7 14. Ne5 Nc6 15. Nxc6 Bxc6 16. Rad1 g6 17. Bc4 Nd5 1/2-1/2

[Event "Pinneberg op Seniors 16th"]
[Site "Pinneberg"]
[Date "2015.07.16"]
[Round "3"]
[White "Iwanow, Thomas"]
[Black "Raedisch, Peter"]
[Result "1-0"]
[WhiteElo "1781"]
[BlackElo "1553"]
[PlyCount "143"]
[EventDate "2015.07.02"]
[EventType "swiss"]
[EventRounds "7"]
[EventCountry "GER"]
[SourceTitle "EXT 2017"]
[Source "ChessBase"]
[SourceDate "2016.10.25"]
[SourceVersion "1"]
[SourceVersionDate "2016.10.25"]
[SourceQuality "1"]

1. d4 d5 2. Nf3 a6 3. a4 Nf6 4. Bf4 Nbd7 5. e3 Nh5 6. Bd3 h6 7. Ne5 Nxf4 8. exf4 Nf6 9. Nd2 e6 10. 0-0 c6 11. c3 Bd6 12. Qc2 Qe7 13. b4 Nd7 14. Ndf3 Qf6 15. g3 g5 16. Ng4 Qg7 17. f5 Nf6 18. Ne3 h5 19. fxe6 Bxe6 20. Nf5 Bxf5 21. Bxf5 Kf8 22. Rae1 h4 23. Ne5 hxg3 24. fxg3 Rh6 25. Qf2 Re8 26. Qf3 Qh8 27. Re2 Qg8 28. Rfe1 Kg7 29. Re3 Re7 30. Qe2 Qe8 31. Qf3 Qh8 32. R1e2 Qe8 33. Ng4 Nxg4 34. Rxe7 Bxe7 35. Qxg4 Qd8 36. Bc8 b5 37. a5 Rd6 38. Bxa6 Rd7 39. Qf5 Kg8 40. Rf2 Bf8 41. Kg2 Bg7 42. Qg4 Qe8 43. Re2 Qd8 44. Re3 Kf8 45. Kf2 Qf6+ 46. Ke2 Qd8 47. Kd3 Kg8 48. h4 gxh4 49. gxh4 Kf8 50. h5 Rc7 51. Rg3 Qf6 52. Rf3 Qd8 53. Rg3 Qf6 54. Kc2 Qf2+ 55. Kb3 Qf6 56. Bc8 Re7 57. Bf5 Re1 58. Qg5 Rh1 59. Qxf6 Bxf6 60. Bd7 Rxh5 61. Bxc6 Ke7 62. Rg8 Kd6 63. Bxb5 Kc7 64. a6 Kb6 65. Bd3 Ka7 66. Rf8 Bh4 67. Rxf7+ Ka8 68. b5 Be1 69. b6 Rh8 70. Bb5 Bxc3 71. Bc6+ Kb8 72. a7+ 1-0

[Event "Pinneberg-ch"]
[Site "Pinneberg"]
[Date "2013.09.12"]
[Round "6"]
[White "Dangelowski, Peter"]
[Black "Iwanow, Thomas"]
[Result "1/2-1/2"]
[WhiteElo "1777"]
[BlackElo "1756"]
[PlyCount "68"]
[EventDate "2013.08.08"]
[EventType "swiss"]
[EventRounds "7"]
[EventCountry "GER"]
[SourceTitle "EXT 2017"]
[Source "ChessBase"]
[SourceDate "2016.10.25"]
[SourceVersion "1"]
[SourceVersionDate "2016.10.25"]
[SourceQuality "1"]

1. d4 b6 2. Bf4 Bb7 3. e3 Nf6 4. Nd2 e6 5. h3 d6 6. Ngf3 Be7 7. Be2 Nbd7 8. 0-0 0-0 9. c3 Re8 10. Bc4 d5 11. Bd3 c5 12. Re1 Ne4 13. Bc2 f5 14. Ne5 Rf8 15. Ndf3 Rc8 16. Nxd7 Qxd7 17. Ne5 Qe8 18. Qe2 Bf6 19. f3 Ng5 20. Bxg5 Bxg5 21. f4 Bh4 22. Rf1 Rc7 23. Kh2 Bf6 24. Bd3 c4 25. Bc2 Bxe5 26. fxe5 Rcf7 27. Qh5 g6 28. Qg5 Qe7 29. Qxe7 Rxe7 30. g4 Ref7 31. gxf5 exf5 32. Rae1 Bc8 33. Rf2 Be6 34. Rg1 Kh8 1/2-1/2

[Event "Pinneberg-ch"]
[Site "Pinneberg"]
[Date "2009.09.24"]
[Round "5"]
[White "Knops, Peter"]
[Black "Iwanow, Thomas"]
[Result "1-0"]
[WhiteElo "1969"]
[BlackElo "1747"]
[PlyCount "103"]
[EventDate "2009.08.27"]
[EventType "swiss"]
[EventRounds "7"]
[EventCountry "GER"]
[SourceTitle "EXT 2012"]
[Source "ChessBase"]
[SourceDate "2011.11.24"]
[SourceVersion "1"]
[SourceVersionDate "2011.11.24"]
[SourceQuality "1"]

1. e4 e6 2. d3 d5 3. Nd2 dxe4 4. dxe4 Bd7 5. Ngf3 c5 6. Ne5 Nf6 7. Be2 Nc6 8. Nxd7 Qxd7 9. c3 Ne5 10. Qc2 Rd8 11. 0-0 Be7 12. Nc4 Nxc4 13. Bxc4 0-0 14. Bf4 Qc6 15. f3 Nh5 16. Be3 Nf6 17. Rad1 a6 18. Rxd8 Rxd8 19. Rd1 b5 20. Rxd8+ Bxd8 21. Qd2 Bb6 22. Be2 c4 23. Kf2 Bxe3+ 24. Qxe3 Nd7 25. b3 cxb3 26. axb3 Qc5 27. Qxc5 Nxc5 28. b4 Nb7 29. c4 Nd6 30. cxb5 Nxb5 31. Bxb5 axb5 32. e5 f6 33. Ke3 fxe5 34. Ke4 Kf7 35. Kxe5 Ke7 36. f4 Kd7 37. g4 Ke7 38. h4 h6 39. h5 Kd7 40. f5 exf5 41. Kxf5 Ke7 42. Ke5 Kf7 43. Kd5 Kf6 44. Kc5 Kg5 45. Kxb5 Kxg4 46. Kc6 Kxh5 47. b5 g5 48. b6 g4 49. b7 Kg5 50. b8Q h5 51. Kd5 h4 52. Ke4 1-0

[Event "Pinneberg-ch"]
[Site "Pinneberg"]
[Date "2009.09.10"]
[Round "3"]
[White "Kuhn, Gerd"]
[Black "Iwanow, Thomas"]
[Result "1-0"]
[WhiteElo "2157"]
[BlackElo "1747"]
[PlyCount "131"]
[EventDate "2009.08.27"]
[EventType "swiss"]
[EventRounds "7"]
[EventCountry "GER"]
[SourceTitle "EXT 2012"]
[Source "ChessBase"]
[SourceDate "2011.11.24"]
[SourceVersion "1"]
[SourceVersionDate "2011.11.24"]
[SourceQuality "1"]

1. d4 d5 2. c4 e6 3. Nc3 c6 4. e4 Bb4 5. cxd5 exd5 6. e5 Ne7 7. a3 Ba5 8. Bg5 Be6 9. f4 Qd7 10. Nf3 Ng6 11. b4 Bb6 12. Nh4 h6 13. Nxg6 fxg6 14. Bh4 Bf5 15. Be2 h5 16. 0-0 0-0 17. Na4 Na6 18. Rc1 Nc7 19. Nc5 Bxc5 20. bxc5 Ne6 21. Be1 Rf7 22. a4 Raf8 23. a5 a6 24. Rc3 Be4 25. g3 Rf5 26. h4 R5f7 27. Rb3 Nd8 28. Kh2 Ne6 29. Rf2 Nd8 30. Bf1 Bf5 31. Rfb2 Bg4 32. Qb1 Bf5 33. Qc1 Re8 34. Qc3 Ree7 35. Rb6 Kh7 36. Bg2 Qe6 37. Qe3 Rc7 38. Qg1 Rce7 39. Bf1 Rc7 40. Be2 Rce7 41. Bf2 Rc7 42. Be3 Rce7 43. Bf3 Bg4 44. Bg2 Bf5 45. Qf1 Bg4 46. f5 Qc8 47. Bg5 Rc7 48. Bxd8 Qxd8 49. fxg6+ Kxg6 50. Qd3+ Bf5 51. Qb3 Qc8 52. Bxd5 Rfe7 53. Qe3 Kh7 54. Bf3 g6 55. Rf2 Rcd7 56. Rb4 Rg7 57. Qg5 Qe8 58. Bxh5 gxh5 59. Qxf5+ Kg8 60. e6 Rde7 61. Re2 Qb8 62. Qe5 Qf8 63. Qxh5 Qf1 64. Rbb2 Rxg3 65. Rg2 Reg7 66. Rxg3 1-0

[Event "Pinneberg-ch"]
[Site "Pinneberg"]
[Date "2009.09.03"]
[Round "2"]
[White "Iwanow, Thomas"]
[Black "Hotze, Kurt"]
[Result "1-0"]
[WhiteElo "1747"]
[BlackElo "1606"]
[PlyCount "107"]
[EventDate "2009.08.27"]
[EventType "swiss"]
[EventRounds "7"]
[EventCountry "GER"]
[SourceTitle "EXT 2012"]
[Source "ChessBase"]
[SourceDate "2011.11.24"]
[SourceVersion "1"]
[SourceVersionDate "2011.11.24"]
[SourceQuality "1"]

1. d4 Nf6 2. c4 e6 3. Nc3 d5 4. Nf3 c5 5. e3 b6 6. Be2 Bb7 7. 0-0 Be7 8. b3 0-0 9. Bb2 Nbd7 10. Rc1 Rc8 11. Nd2 cxd4 12. exd4 Re8 13. Bf3 Nf8 14. cxd5 exd5 15. Re1 Ng6 16. g3 Bb4 17. a3 Bxc3 18. Bxc3 Nf8 19. Rxe8 Qxe8 20. Bb2 Ne6 21. Nc4 Ng5 22. Bg2 Nge4 23. Ne3 Ba6 24. Rxc8 Bxc8 25. Qd3 Bb7 26. Qc2 Qb8 27. Bc1 h6 28. Bh3 Qd6 29. Nf5 Qb8 30. Bf4 Qa8 31. Qc7 Ng5 32. Bxg5 hxg5 33. Nd6 g4 34. Qxf7+ Kh8 35. Bxg4 Nxg4 36. Qxb7 Qxb7 37. Nxb7 Nf6 38. Nd6 a6 39. Kg2 Nd7 40. Kf3 Kg8 41. Kf4 Kf8 42. Nf5 Kf7 43. h4 g6 44. Ne3 Nf6 45. Ke5 Ne4 46. Nxd5 Nxf2 47. Nxb6 Ng4+ 48. Kd6 Nf6 49. Kc6 Ne4 50. g4 Nd2 51. b4 Nf3 52. d5 Ne5+ 53. Kc7 Nxg4 54. d6 1-0

[Event "Pinneberg-ch"]
[Site "Pinneberg"]
[Date "2008.09.18"]
[Round "4"]
[White "Knops, Peter"]
[Black "Iwanow, Thomas"]
[Result "0-1"]
[WhiteElo "2025"]
[BlackElo "1765"]
[PlyCount "84"]
[EventDate "2008.08.28"]
[EventType "swiss"]
[EventRounds "7"]
[EventCountry "GER"]
[SourceTitle "EXT 2011"]
[Source "ChessBase"]
[SourceDate "2010.11.26"]
[SourceVersion "1"]
[SourceVersionDate "2010.11.26"]
[SourceQuality "1"]

1. e4 e6 2. d3 d5 3. Nd2 dxe4 4. dxe4 c5 5. Ngf3 Nf6 6. c3 Be7 7. Qc2 Qc7 8. Bd3 Nc6 9. 0-0 h6 10. Re1 e5 11. h3 Be6 12. Bc4 Bxc4 13. Nxc4 0-0 14. Ne3 Rfd8 15. Nf5 Bf8 16. Be3 Rd7 17. Rad1 Rad8 18. Rxd7 Rxd7 19. Nd2 Qd8 20. f3 Kh7 21. g4 g6 22. Ng3 Ne8 23. Kg2 Ng7 24. h4 Ne6 25. Rh1 Nf4+ 26. Kf2 Be7 27. h5 Bg5 28. hxg6+ fxg6 29. Ndf1 b6 30. Bxf4 exf4 31. Ne2 Ne5 32. Ng1 Rd3 33. Ke2 Rd7 34. Nh3 c4 35. Qa4 Kg7 36. Nxg5 hxg5 37. Qb5 Kf6 38. Qa4 Qc7 39. Qa3 Qd8 40. Qa4 Qe8 41. Qc2 Rd3 42. Rh3 Nxg4 0-1

[Event "Pinneberg-ch"]
[Site "Pinneberg"]
[Date "2007.09.20"]
[Round "4"]
[White "Van Riesen, Klaus"]
[Black "Iwanow, Thomas"]
[Result "1-0"]
[WhiteElo "2118"]
[BlackElo "1715"]
[PlyCount "55"]
[EventDate "2007.08.30"]
[EventType "swiss"]
[EventRounds "7"]
[EventCountry "GER"]
[SourceTitle "CBM 120 Extra"]
[Source "ChessBase"]
[SourceDate "2007.11.01"]
[SourceVersion "1"]
[SourceVersionDate "2007.11.01"]
[SourceQuality "1"]

1. Nf3 d5 2. d4 Nf6 3. e3 Bf5 4. c4 c6 5. Qb3 Qb6 6. Qa4 e6 7. a3 Ne4 8. Nh4 dxc4 9. Nxf5 exf5 10. Bxc4 Bd6 11. Qc2 g6 12. Nd2 Nf6 13. b3 Qc7 14. h3 Nbd7 15. Bb2 Rc8 16. e4 fxe4 17. Nxe4 Nxe4 18. Qxe4+ Kf8 19. 0-0 Nf6 20. Qf3 Kg7 21. Rae1 Rhe8 22. a4 Bb4 23. d5 Qd6 24. Re6 Rxe6 25. dxe6 Qe7 26. Rd1 fxe6 27. Rd7 Qxd7 28. Qxf6+ 1-0

[Event "Pinneberg-ch"]
[Site "Pinneberg"]
[Date "2006.09.15"]
[Round "5.32"]
[White "Iwanow, Thomas"]
[Black "Schwirz, Horst"]
[Result "1-0"]
[WhiteElo "1745"]
[BlackElo "1529"]
[PlyCount "61"]
[EventDate "2006.08.22"]
[EventType "swiss"]
[EventRounds "7"]
[EventCountry "GER"]
[SourceTitle "EXT 2007"]
[Source "ChessBase"]
[SourceDate "2006.11.23"]
[SourceVersion "1"]
[SourceVersionDate "2006.11.23"]
[SourceQuality "1"]

1. d4 Nf6 2. Nf3 g6 3. Nbd2 Bg7 4. e4 d6 5. Bd3 Nbd7 6. 0-0 c5 7. d5 0-0 8. c3 Nh5 9. Qc2 Nf4 10. Bc4 Ne5 11. Nxe5 Bxe5 12. Nf3 Bg7 13. Bxf4 e5 14. dxe6 fxe6 15. Bg5 Qc7 16. Rad1 h6 17. Bh4 Kh7 18. Bg3 e5 19. Ne1 a6 20. Bd5 Rb8 21. a4 b5 22. axb5 axb5 23. Ra1 Bd7 24. Nd3 Qb6 25. Kh1 b4 26. f3 bxc3 27. bxc3 Qd8 28. Ra7 Be8 29. Rfa1 g5 30. Qa2 Bg6 31. Nxc5 1-0

[Event "Pinneberg-ch"]
[Site "Pinneberg"]
[Date "2005.09.22"]
[Round "7"]
[White "Iwanow, Thomas"]
[Black "Hofschroer, Joachim"]
[Result "1-0"]
[WhiteElo "1783"]
[BlackElo "1580"]
[PlyCount "48"]
[EventDate "2005.08.11"]
[EventType "swiss"]
[EventRounds "7"]
[EventCountry "GER"]
[SourceTitle "EXT 2006"]
[Source "ChessBase"]
[SourceDate "2005.11.24"]
[SourceVersion "1"]
[SourceVersionDate "2005.11.24"]
[SourceQuality "1"]

1. d4 Nf6 2. g3 e6 3. Bg2 d5 4. Nf3 Nbd7 5. 0-0 Be7 6. Nbd2 0-0 7. c4 c6 8. Qc2 c5 9. e3 b6 10. b3 Bb7 11. Bb2 Rc8 12. Qd3 Qc7 13. Rac1 Qb8 14. Rfd1 Qa8 15. Ne1 dxc4 16. Nxc4 Bxg2 17. Nxg2 Rfd8 18. Qe2 Ne4 19. Ne1 Re8 20. Nf3 Ng5 21. Nxg5 Bxg5 22. Nd6 cxd4 23. Nxc8 Rxc8 24. Qh5 Qf3 1-0